000 00698nam a2200241 a 4500
001
003 OSt
005 20211108073631.0
008 081029s2000 dr ac 000 0 spa d
020 _a9993410047
040 _aDO-SdBNP
_bspa
_cBNPHU
082 4 _a330.122
_bB742c, 2000
_222
100 1 _a Bosch, Juan,
_d1909-2001
_91
245 1 0 _aCapitalismo tardío en la República Dominicana /
_cJuan Bosch.
250 _a4a. ed.
260 _aSanto Domingo :
_bAlfa y Omega,
_c2000.
300 _a238 p. :
_bil., retrs. ;
_c21cm.
590 _aInventariado, 2021/VM
650 4 _aCapitalismo
651 4 _aRepública Dominicana
_xCondiciones económicas
910 _aVMateo
942 _2ddc
_cBK
999 _c13845
_d13845